The hostile hospital / (Record no. 192)

MARC details
000 -LEADER
fixed length control field 01396nam a22003737a 4500
001 - CONTROL NUMBER
control field 192
003 - CONTROL NUMBER IDENTIFIER
control field FISKH
005 - DATE AND TIME OF LATEST TRANSACTION
control field 20230303104952.0
008 - FIXED-LENGTH DATA ELEMENTS--GENERAL INFORMATION
fixed length control field 230303b cb ||||| |||| 00| 0 eng d
020 ## - INTERNATIONAL STANDARD BOOK NUMBER
International Standard Book Number 9781405266130
040 ## - CATALOGING SOURCE
Original cataloging agency DLC
Transcribing agency DLC
Modifying agency DLC
-- FISKH
Language of cataloging eng
042 ## - AUTHENTICATION CODE
Authentication code lcac
050 00 - LIBRARY OF CONGRESS CALL NUMBER
Classification number PZ7.S6795
Item number Ho 2001
082 00 - DEWEY DECIMAL CLASSIFICATION NUMBER
Classification number 813.6
Edition number 21
100 1# - MAIN ENTRY--PERSONAL NAME
Personal name Snicket, Lemony.
245 14 - TITLE STATEMENT
Title The hostile hospital /
Statement of responsibility, etc. by Lemony Snicket ; illustrations by Brett Helquist.
260 ## - PUBLICATION, DISTRIBUTION, ETC.
Place of publication, distribution, etc. London
Name of publisher, distributor, etc. Egmont
Date of publication, distribution, etc. 2012
300 ## - PHYSICAL DESCRIPTION
Extent 255 p. :
Other physical details ill. ;
Dimensions 19 cm.
490 1# - SERIES STATEMENT
Series statement A series of unfortunate events ;
Volume/sequential designation bk. 8
505 ## - FORMATTED CONTENTS NOTE
Formatted contents note Z1
520 ## - SUMMARY, ETC.
Summary, etc. On the run after being falsely accused of murder, the three Baudelaire orphans find themselves in the Heimlich Hospital, with the evil Count Olaf in close pursuit.
521 8# - TARGET AUDIENCE NOTE
Target audience note 1110 <br/>
Source Lexile
521 8# - TARGET AUDIENCE NOTE
Target audience note Z1
650 #1 - SUBJECT ADDED ENTRY--TOPICAL TERM
Topical term or geographic name entry element Orphans
Form subdivision Fiction.
650 #1 - SUBJECT ADDED ENTRY--TOPICAL TERM
Topical term or geographic name entry element Brothers and sisters
Form subdivision Fiction.
650 #1 - SUBJECT ADDED ENTRY--TOPICAL TERM
Topical term or geographic name entry element Hospitals
Form subdivision Fiction.
650 #1 - SUBJECT ADDED ENTRY--TOPICAL TERM
Topical term or geographic name entry element Humorous stories.
700 1# - ADDED ENTRY--PERSONAL NAME
Personal name Helquist, Brett,
Relator term ill.
800 1# - SERIES ADDED ENTRY--PERSONAL NAME
Personal name Snicket, Lemony.
Title of a work Series of unfortunate events ;
Volume/sequential designation bk. 8.
856 42 - ELECTRONIC LOCATION AND ACCESS
Materials specified Publisher description
Uniform Resource Identifier <a href="http://www.loc.gov/catdir/description/hc042/2001024326.html">http://www.loc.gov/catdir/description/hc042/2001024326.html</a>
856 42 - ELECTRONIC LOCATION AND ACCESS
Materials specified Contributor biographical information
Uniform Resource Identifier <a href="http://www.loc.gov/catdir/enhancements/fy0911/2001024326-b.html">http://www.loc.gov/catdir/enhancements/fy0911/2001024326-b.html</a>
906 ## - LOCAL DATA ELEMENT F, LDF (RLIN)
a 7
b cbc
c orignew
d 1
e ocip
f 20
g y-gencatlg
942 ## - ADDED ENTRY ELEMENTS (KOHA)
Source of classification or shelving scheme Dewey Decimal Classification
Koha item type Books
Suppress in OPAC No
Holdings
Withdrawn status Lost status Source of classification or shelving scheme Damaged status Not for loan Collection Home library Current library Shelving location Date acquired Total Checkouts Full call number Barcode Date last seen Price effective from Koha item type
    Dewey Decimal Classification     Fiction Footprints International School Library Network Toul Kork Campus Footprints International School Library Network Toul Kork Campus   03/03/2023   SNI 813.6 PZ7.S6795 FISTK05284 03/03/2023 03/03/2023 Books